Member Countries of the Berlin Conference (Scramble for Africa) - Statistics

General Stats
  • This quiz has been taken 204 times
  • The average score is 12 of 14
Answer Stats
What They Wanted What They Got Answer % Correct
Algeria, Tunisia, Much of inland West and Central Africa, Senegal, Ivory Coast, Benin, Cameroon, the Congo, Sudan, Northern East Africa ____ Morocco ____ Algeria ____ Tunisia ____ West Africa ____ Equatorial Africa ____ Madagascar ____ Somalia France
99%
Cameroon and Tanzania, as well as the lands in between including the Congo. ____ East Africa Togoland
Kamerun ____ South West Africa
Germany
99%
Libya, Tunisia, Much of the Horn of Africa Eritrea ____ Somaliland Libya Italy
99%
Land Stretching from Cape Town to Cairo, Including Egypt, Sudan, Tanzania or Parts of the Congo, Rhodesia, and Southern Africa. As well as various Lands in West Africa BasutolandBechuanaland ____ East Africa ____ Somaliland Cape Colony Egypt Gambia Kenya Nigeria South Africa Gold Coast Nyasaland Rhodesia Sierra Leone Sudan Swaziland Uganda Walvis Bay Zanzibar United Kingdom
99%
Nothing ____ Congo Belgium
98%
Originally all of Africa, Later scaling back to land they had marked as theirs during exploration, then scaling back again to the "Pink Map" including Angola, Mozambique, Rhodesia, Parts of the Congo, Guinea Bissau, and Cape Verde Cape VerdeGuinea Bissau Sao Tome Angola Mozambique Portugal
97%
Large Parts of the Gulf of Guinea coast, extending into the Congo ____ Morocco ____ Sahara ____ Guinea Spain
97%
South Africa and minor ports through out the Atlantic Coast, mostly West Africa Nothing Netherlands
94%
Missionary rights and protection for Liberia Missionary rights and protection for Liberia United States
92%
Madagascar and The Horn of Africa (Possibly just an alliance or vassal-ship with the Orthodox Ethiopians) Nothing Russia
90%
Morocco and Southern Ethiopia/ Somalia Nothing Austria-Hungary
84%
Minor lands in West Africa Nothing Denmark
79%
Morocco, Algeria, Tunisia, Libya, Egypt, Sudan, Eritrea, Lands throughout West Africa Nothing Ottoman Empire
79%
The Gold Coast and The Congo Nothing Sweden-Norway
21%
No matching quizzes found
Score Distribution
Percent of People with Each Score
Percentile by Number Answered
Your Score History
You have not taken this quiz